Music Quiz

Random Music or Bands Quiz

Figure Out The Secret Artist III Quiz Stats

Quiz Updated Mar 3, 2017

Challenge
Share
Tweet
Embed
Score 0/58 Timer 15:00
11 Plays Today
Clue Answer % Correct
Set 3Or
94.3%
Set 3It
93.6%
Set 2Of Life
93.4%
Set 2For A
93.2%
Set 2I'm Looking
93.1%
Set 2Me
92.8%
Set 5On
92.7%
Set 6A Girl
92%
Set 3Let's
91.6%
Set 4Don't
91.4%
Set 3Your
91.4%
Set 5Hey
91.3%
Set 6Been
90.7%
Set 4Away
90.1%
Set 1She
89.8%
Set 5Put A
89.1%
Set 3Real
88.8%
Set 6To Come
88.7%
Set 6I've
87.9%
Set 3Heart
87%
Set 5Baby
84.6%
Set 1I Am
83.8%
Set 5Dance
83.8%
Set 4Love
83.3%
Set 4In My
83.2%
Set 4Hands
82.4%
Set 5Mr.
82.4%
Set 1Son
81.7%
Set 6Like You
81.4%
Clue Answer % Correct
Set 5With My
80.9%
Set 2To Save
79.7%
Set 5Record
79%
Set 5DJ
77%
Set 3Make
76.4%
Set 1Is Not
76.4%
Set 1Says
75.6%
Set 1My
75.1%
Set 1The One
74.6%
Set 3About It
74.1%
Set 3Give Me
73.5%
Set 3Forget
73.1%
Set 5I Wanna
70.2%
Set 1Kid
62.1%
Set 6Waiting For
60.3%
Set 1But The
56.8%
Set 1Michael Jackson
55%
Set 2Looking
53.5%
Set 4And Leave
52%
Set 6Into My Life
47.2%
Set 3Santana
43.6%
Set 5Madonna
42.3%
Set 2Sign
31.4%
Set 4Fall
31.2%
Set 2To The Sky
25.6%
Set 4Bleeding
24.1%
Set 6Foreigner
22.4%
Set 2Foo Fighters
21.3%
Set 4Fuel
14.5%

You're not logged in!

Compare scores with friends on all Sporcle quizzes.
Sign Up with Email
OR
Log In

You Might Also Like...

Show Comments

Extras

Top Quizzes Today


Score Distribution

Your Account Isn't Verified!

In order to create a playlist on Sporcle, you need to verify the email address you used during registration. Go to your Sporcle Settings to finish the process.